The Walking Dead - Pike Lineup Quiz Stats

 Plays Quiz not verified by Sporcle

Score 0/10 Timer 00:30
1 Play Today
% Correct
Tammy Rose
78%
Tara
75.8%
Enid
74.7%
Henry
70.4%
Addy
67.3%
Rodney
59.3%
Ozzy
59.1%
DJ
53.1%
Frankie
50.4%
Alek
45.6%

You're not logged in!

Compare scores with friends on all Sporcle quizzes.
OR
Log In

Show Comments

Extras

Top Quizzes Today


Score Distribution

Your Account Isn't Verified!

In order to create a playlist on Sporcle, you need to verify the email address you used during registration. Go to your Sporcle Settings to finish the process.

Report this User

Report this user for behavior that violates our Community Guidelines.

Details: